Discriminatory fertilizer recommendation for sustained production of natural rubber (Record no. 57236)

MARC details
000 -LEADER
fixed length control field 00477nam a2200121Ia 4500
100 ## - MAIN ENTRY--AUTHOR NAME
Personal name Nair N Usha
245 #0 - TITLE STATEMENT
Title Discriminatory fertilizer recommendation for sustained production of natural rubber
260 ## - PUBLICATION, DISTRIBUTION, ETC. (IMPRINT)
Name of publisher 9th Agricultural Science Congress, 2009, Sher-e-Kashmir University of Agricultural Sciences and Technology of Kashmir, Srinagar, pp.148-149.
Year of publication 2009
700 ## - ADDED ENTRY--PERSONAL NAME
Personal name Nair A.N.S.
700 ## - ADDED ENTRY--PERSONAL NAME
Personal name Ulaganathan A.
942 ## - ADDED ENTRY ELEMENTS (KOHA)
Koha item type Journals
Holdings
Withdrawn status Lost status Damaged status Not for loan Home library Current library Shelving location Date acquired Koha item type
      Journals RRII Library RRII Library Crop management 26/11/2009 Journals